000 00542nam a2200181Ia 4500
001 25037
005 20260414151123.0
008 260414t2015||||xx |||||||||||||| ||spa||
041 _aESP
082 _a346.1J
_bM61
110 _aMinisterio de Justicia y Derechos Humanos
245 0 _aCompendio de doctrina legal y jurisprudencia vinculante :
_bemitida por la Corte Suprema de Justicia de la República del Perú
260 _c2015
300 _a653 páginas :
_c21 cm.
650 _aDER
654 _aCDE
942 _cLIB
_dJUS
_fJUS
_2ddc
_n
999 _c25037
_d25037